000 01746nam a2200493 i 4500
001 2864
003 KOSZ 005
005 20220318112850.0
008 220318s1983 pl a f f 000 0 pol
015 _aPB 1983/3514
020 _a8301001550
035 _a(PL-WaBN)b12511353-48omnis_nlop
035 _ab12511353
035 _a(OCoLC)830214292
035 _a(PL)b0000012511353
040 _aWA N
_cWA N
_dKOSZ 005/HR
_dKOSZ 005/RW
046 _k1983
080 _a69
080 _a624.01/.07
080 _a(075.8)
100 1 _aPawłowski, Paweł
_c(budownictwo)
_eAutor
245 1 0 _aBudownictwo ogólne /
_cPaweł Pawłowski.
250 _aWydanie 3.
260 _aWarszawa :
_bPaństwowe Wydawnictwo Naukowe,
_c1983.
300 _a599, [1] stron :
_bfotografie, rysunki, wykresy ;
_c24 cm.
336 _aWolumin
_bnc
_2rdacarrier
337 _aBez urządzebia pośredniczącego
_bn
_2rdamedia
338 _aWolumin
_bnc
_2rdacarrier
380 _aKsiążki
380 _aPublikacje dydaktyczne
385 _mPoziom nauczania
_aSzkoły wyzsze
388 1 _a1901-2000
388 1 _a1945-1989
500 _aW metryce mylnie: Wydanie 2.
504 _aBibliografia na stronie 599, wykaz podstawowych norm na stronie [598].
521 8 _aPodręcznik dla studentów wydziałów budownictwa lądowego wyższych szkół technicznych i akademii rolniczo-technicznych.
650 7 _aBudownictwo
_2DBN
655 7 _aPodręczniki akademickie
_2DBN
658 _aArchitektura i budownictwo
710 2 _aPaństwowe Wydawnictwo Naukowe
_4pbl
856 _uhttp://koha.tu.koszalin.pl/cgi-bin/koha/opac-detail.pl?biblionumber=2864
_yKatalog online BPK
942 _2UKD
_cKS
999 _c2864
_d2864